Économie et politique revue marxiste d'économie

Uložené v:
Podrobná bibliografia
Médium: Seriál
Jazyk:French
Vydavateľské údaje: Paris Union populaire pour la victoire du programme commun 1962
Tagy: Pridať tag
Žiadne tagy, Buďte prvý, kto otaguje tento záznam!

MARC

LEADER 00000nas2a2200000 4500
001 0011904
005 20250730114304.7
041 0 |a fre 
044 |a FR 
245 1 0 |a Économie et politique  |b revue marxiste d'économie 
264 1 |a Paris  |b Union populaire pour la victoire du programme commun  |c 1962 
300 |a 1 zv. 
773 0 |w eu_un_cat*s120655